000 01306cam a22003014a 4500
001 12371880
003 NUST-PNEC
005 20170116180707.0
008 010406s2001 nyua 001 0 eng
010 _a 2001031225
020 _a0071374353
040 _aDLC
_cPNEC
042 _apcc
050 0 0 _aTK6565.A6
_bC37 2001
082 0 0 _a621.384'135 CAR
_221
100 1 _aCarr, Joseph J.
245 1 0 _aPractical antenna handbook /
_cJoseph J. Carr.
250 _a4th ed.
260 _aNew York :
_bMcGraw-Hill,
_cc2001.
300 _axi, 609 p. :
_bill. ;
_c24 cm.
500 _aIncludes Index http://www.amazon.com/Practical-Antenna-Handbook-Joseph-Carr/dp/0071374353/ref=sr_1_1?s=books&ie=UTF8&qid=1411712879&sr=1-1&keywords=0071374353
650 0 _aRadio
_xAntennas
_xEL, MS COMM
856 4 2 _3Contributor biographical information
_uhttp://www.loc.gov/catdir/bios/mh041/2001031225.html
856 4 2 _3Publisher description
_uhttp://www.loc.gov/catdir/description/mh021/2001031225.html
906 _a7
_bcbc
_corignew
_d1
_eocip
_f20
_gy-gencatlg
942 _2ddc
_cBK
999 _c60756
_d60756